| 000 | 01109nam a2200325Ia 4500 | ||
|---|---|---|---|
| 001 | 1948 | ||
| 003 | IT-RoPAU | ||
| 008 | 130308s9999 xx 000 0 und d | ||
| 040 | _aIT-RoPAU | ||
| 040 | _cIT-RoPAU | ||
| 041 | _aITALIANO | ||
| 100 | _aDe Luca Ugo | ||
| 100 | _gCodice Aut. SPICS: 7374 | ||
| 245 | _a"Catalogo dei periodici abruzzesi posseduti dalla biblioteca provinciale ""A.C. de Meis"" di Chieti" | ||
| 245 | _b"Catalogo dei Periodici Abruzzesi Posseduti Dalla Biblioteca Provinciale ""A.C. de Meis"" di Chieti" | ||
| 250 | _a1a ed. | ||
| 260 | _aFRANCAVILLA | ||
| 260 | _bEdizioni Paoline | ||
| 260 | _c1971 [1° Ed.:1971 - Ed.Ling.Originale:1971] | ||
| 300 | _a"300 p. (prefazione: no ; testo: 300)" | ||
| 500 | _aSchede bibliografiche dei Periodici Abruzzesi indice dei Direttori redattori Gerenti responsabili indice cronologico Di. fondazione indice topologico | ||
| 650 | _aBIBLIOGRAFIA | ||
| 650 | _eCodice materia Spics: 2001 | ||
| 700 | _aZuccarini Mario | ||
| 700 | _gCodice Aut. SPICS: 3303 | ||
| 942 | _cBK | ||
| 957 | _71 | ||
| 999 |
_c65192 _d65192 |
||
| 999 | _bSI | ||
| 999 | _g1 | ||